[Event "Mexican op 70th"]
[Site "Mexico City"]
[Date "2025.04.14"]
[Round "1"]
[White "Figueredo Losada, Leonel"]
[Black "Briones Valdes, Alejandro"]
[Result "1-0"]
[WhiteElo "2302"]
[BlackElo "1929"]
[PlyCount "95"]
[EventDate "2025.04.14"]
[EventType "swiss"]
[EventRounds "9"]
[EventCountry "MEX"]
[SourceTitle "CB17_2025"]
[SourceDate "2025.04.23"]
[SourceVersion "1"]
[SourceVersionDate "2025.04.23"]
[SourceQuality "1"]

1. e4 c5 2. Nc3 Nc6 3. Bb5 e5 4. Nf3 Nge7 5. Bc4 Ng6 6. d3 Be7 7. a3 d6 8. Nd5 0-0 9. b4 Bg4 10. h3 Bxf3 11. Qxf3 Nd4 12. Qd1 Bg5 13. Ne3 Kh8 14. c3 Ne6 15. g3 a5 16. bxc5 Nxc5 17. 0-0 a4 18. Rb1 Ne7 19. f4 exf4 20. gxf4 Bf6 21. Qc2 Nc6 22. d4 Nb3 23. Bxb3 axb3 24. Qxb3 Qe7 25. Qc2 Rfe8 26. Nd5 Qxe4 27. Qxe4 Rxe4 28. Rxb7 Ne7 29. Nxe7 Bxe7 30. Bd2 Bh4 31. Rfb1 Ree8 32. R1b3 h6 33. Kf1 Kg8 34. R7b6 d5 35. Rd6 Ra5 36. Rd7 Re4 37. f5 Bg3 38. Kg2 Bh4 39. Kf3 Re7 40. Rd8+ Kh7 41. Rbb8 g5 42. Rg8 Rxa3 43. Kg4 Re4+ 44. Kh5 Bf2 45. Rh8+ Kg7 46. Rbg8+ Kf6 47. Rxh6+ Kxf5 48. Rxg5# 1-0